| 000 -LEADER | |
|---|---|
| fixed length control field | 00366nam a22001577a 4500 |
| 005 - DATE AND TIME OF LATEST TRANSACTION | |
| control field | 20220225164857.0 |
| 008 - FIXED-LENGTH DATA ELEMENTS--GENERAL INFORMATION | |
| fixed length control field | 220225b ||||| |||| 00| 0 eng d |
| 041 ## - LANGUAGE CODE | |
| Language code of text/sound track or separate title | eng |
| 082 ## - DEWEY DECIMAL CLASSIFICATION NUMBER | |
| Classification number | 622.076 |
| 100 ## - MAIN ENTRY--AUTHOR NAME | |
| Personal name | ANTHONY,V |
| 245 ## - TITLE STATEMENT | |
| Title | MINING MACHINERY - I |
| 260 ## - PUBLICATION, DISTRIBUTION, ETC. (IMPRINT) | |
| Place of publication | HYDERABAD |
| Name of publisher | PLANET BOOK HOUSE |
| 300 ## - PHYSICAL DESCRIPTION | |
| Number of Pages | 5.16;p |
| 650 ## - SUBJECT ADDED ENTRY--TOPICAL TERM | |
| Topical Term | PHARMACY |
| 942 ## - ADDED ENTRY ELEMENTS (KOHA) | |
| Koha item type | Books |
| Lost status | Damaged status | Home library | Current library | Shelving location | Date acquired | Source of acquisition | Cost, normal purchase price | Full call number | Accession Number | Koha item type | Collection code |
|---|---|---|---|---|---|---|---|---|---|---|---|
| JRU Library | SHELF-76-C | 25/02/2022 | PURCHASE | 100.00 | 622.076 | 26598 | Books | ||||
| JRU Library | JRU Library | SHELF-88-A | 25/02/2022 | PURCHASE | 100.00 | 622.076 | 26599 | Books | MINING | ||
| JRU Library | JRU Library | SHELF-88-A | 25/02/2022 | PURCHASE | 100.00 | 622.076 | 26600 | Books | MINING |